=LDR 00000nam 2200000 4500 =001 001215 =005 20250711111948 =035 ##$$a 0010-0725000661 =007 ta =008 250711################a##########0#ind## =020 ##$$a 978-623-307-918-1 =082 ##$$a 398.209 598 =084 ##$$a 398.209 598 SAN h =100 #$$a Sanjay sanjiv =245 1#$$a Hujan, hujan /$c Sanjiv jaiswal 'sanjay' =250 ##$$a Cetakan pertama =260 ##$$a Rawamangun :$b Badan pengembangan dan pusat bahasa,$c 2022 =300 ##$$a 20 hlm. : $b Ilus. ; $c 22,9 cm.